| 000 | 00403nam a22001577a 4500 | ||
|---|---|---|---|
| 003 | MPLRDC | ||
| 005 | 20220104173027.0 | ||
| 008 | 210129b ||||| |||| 00| 0 eng d | ||
| 082 | _a753.22 WIT | ||
| 100 | _aJOHN WITHROW | ||
| 245 |
_aONCE UPON A CENTRY, 100 YEAR HISTORY OF THE 'EX' _c |
||
| 260 |
_a _bJ. H. ROBINSON PUBLISHING LTD _c1978 |
||
| 300 | _b平 | ||
| 650 | _a | ||
| 942 |
_cBK _o753.22 WIT |
||
| 999 |
_c59229 _d59219 |
||